00567nam a22002052a 450000100060000000300080000600500170001400800410003103500190007204000320009104100080012308200200013110000270015124500470017825000120022526000280023730000470026565000240031265000250033623392BD-RjUL20211209000926.0140310s1963 enkab 000 0 eng d a(BD-RjUL)23457 aDLCcCNOdUKMdBD-RjULbeng aeng a380.9bALG 19631 aAlnwick, H.q(Herbert)12aA geography of commodities /c H. Alnwick. a4th ed. aLondon :bHarrap,c1963 a196 p. :bmaps, diagrs., tables. ;c26 cm. 0aCommercial products 0aCommercial geography